000
00331nam a22001457a 4500
008
221109b ||||| |||| 00| 0 eng d
020
_a
2740343224753
041
_a
eng
080
_2
FOURTH EDITION
_a
610.73
082
_a
610.73 CAR
100
_a
8
101
_a
INF
245
_a
NURSING ASSISTANTS
_c
CARTER P
942
_2
udc
_c
BK
999
_c
58814
_d
58814